Centroamerica: Evolución de la integracion económica durante 1995 /

Gespeichert in:
Bibliographische Detailangaben
Körperschaften: CEPAL, Naciones Unidas
Format: Text
Veröffentlicht: México D.F.: CEPAL
Tags: Tag hinzufügen
Keine Tags, Fügen Sie den ersten Tag hinzu!

MARC

LEADER 00000 a a2200000 04500
001 23184
003
040
090 |a 160200  
110 |a CEPAL  
245 |a Centroamerica: Evolución de la integracion económica durante 1995 /  |c CEPAL  
260 |a México D.F.:   |b CEPAL  
300 |a 37 p.   |b **no definido**   |b fonodiscos  
710 |a Naciones Unidas  
999 |c 16938  |d 16938